Alle aktiven Bahnhöfe in Rheinhessen - Statistiken

Allgemein
  • Dieses Quiz wurde 13 mal gespielt
    12 seit der letzten Aktualisierung
  • Das Durchschnittsergebnis liegt bei 22 aus 46
Antwortstatistiken
Station % Korrekt
Ingelheim
100%
Mainz Hbf
100%
Alzey
90%
Bingen(Rhein) Stadt
90%
Worms Hbf
90%
Mainz Römisches Theater
70%
Nieder Olm
70%
Wörrstadt
70%
Gau Algesheim
60%
Mainz-Gonsenheim
60%
Mainz-Mombach
60%
Mainz-Waggonfabrik
60%
Nierstein
60%
Oppenheim
60%
Osthofen
60%
Albig
50%
Armsheim
50%
Budenheim
50%
Heidesheim(Rheinhess)
50%
Klein Winternheim-Ober Olm
50%
Mainz-Laubenheim
50%
Sprendlingen(Rheinhess)
50%
Alzey Süd
40%
Bingen-Gaulsheim
40%
Bodenheim
40%
Gensingen-Horrweiler
40%
Guntersblum
40%
Nieder Flörsheim-Dalsheim
40%
Saulheim
40%
Welgesheim-Zotzenheim
40%
Gau Bickelheim
30%
Mainz-Marienborn
30%
Mettenheim
30%
Monsheim
30%
Nackenheim
30%
Ockenheim
30%
Uhlerborn
30%
Wallertheim
30%
Worms-Pfeddersheim
30%
Alsheim
20%
Alzey West
20%
Dienheim
20%
Eppelsheim(Rheinhess)
20%
Wahlheim
20%
Freimersheim(Rheinh)
10%
Hohensülzen
0%
Keine übereinstimmenden Quizze gefunden
Verteilung der Resultate
Anzahl Personen mit jedem Resultat
Perzentil nach korrekt beantworteten Fragen
Ihre Resultats-Entwicklung
Sie haben dieses Quiz seit der letzten Aktualisierung nicht gespielt